| 000 | 00423nam a2200181Ia 4500 | ||
|---|---|---|---|
| 001 | 21489 | ||
| 005 | 20260306172923.0 | ||
| 008 | 260306t2011||||xx |||||||||||||| ||spa|| | ||
| 041 | _aESP | ||
| 082 |
_a345.1 _bO64 |
||
| 100 |
_aOré Guardia, Arsenio _eAUT |
||
| 245 | 0 |
_aManual derecho procesal penal: _btomo 1 |
|
| 260 | _c2011 | ||
| 300 |
_a _c25 cm. |
||
| 650 | _aGEN | ||
| 654 | _aCDE | ||
| 942 |
_cLIB _dJUS _fJUS _2ddc _n |
||
| 999 |
_c21489 _d21489 |
||